Aproximaciones al estudio de la toma de decisiones de política exterior en Estados Unidos /
Guardado en:
| Hovedforfatter: | |
|---|---|
| Format: | Texto |
| Tags: |
Tilføj Tag
Ingen Tags, Vær først til at tagge denne postø!
|
MARC
| LEADER | 00000 a a2200000 04500 | ||
|---|---|---|---|
| 001 | 4600 | ||
| 003 | |||
| 040 | |||
| 100 | |a Westerfield, Bradfor | ||
| 245 | |a Aproximaciones al estudio de la toma de decisiones de política exterior en Estados Unidos / |c Bradfor Westerfield | ||
| 773 | |g número 10; páginas 17-34 | ||
| 999 | |c 36844 |d 36844 | ||
